000 00918nam a2200241 a 4500
005 20090909113539.0
008 990210s1999 nyua j 000 1 eng
010 _aB-357128
020 _c40.00
035 _aB-357128
037 _bDBAD / PUB
040 _adpl
_bEnglish
082 _a920
100 _aMani, A.G.S.
245 _aGreat achievers /
_cby A.G.S. Mani; edited by A.V. Subba Rao
260 _aChennai
_bPuthaga Ulagam Publishers
_c2008
270 _a3, Poes Road (East) M.M. Garden,
_bChennai
_e600018
300 _a64p. :
_c23cm(pbk)
_bill.
520 _aA little girl falls down a rabbit hole and discovers a world of nonsensical and amusing characters.
700 _aRao, A.V. Subba
942 _2ddc
_cEN
_h920
_mMAN
999 _c30212
_d30212